00325nam a2200121Ia 4500008004100000041000800041082001500049100002000064245004500084260003700129300002800166365000900194240624s9999 xx 000 0 und d aeng a658.46 ARO aARONOFF CRAIG E aHOW TO CHOOSE AND USE ADVISORS GETTING T c2011aLondonbPalgrave Macmillan ax, : 88 : p. : cm. ; 20 cb26